[Event "SuperGM"]
[Site "Linares ESP"]
[Date "2002.03.09"]
[Round "13"]
[White "Kasparov, Garri"]
[Black "Ponomariov, Ruslan"]
[Result "1-0"]
[WhiteElo "2838"]
[BlackElo "2727"]
[Annotator "Hathaway, Mark"]

{ At this point in the tournament these two share the lead and this game will probably decide the tournament winner. }
1. e4 e6 2. d4 d5 3. Nc3 dxe4
{ Before this tournament I'd have said this was a pretty good way to aim for a draw. But, the Adams-Anand game showed a new plan which should be studied closely. }
4. Nxe4 Nd7 5. Nf3 Ngf6 6. Nxf6+ Nxf6 7. c3
{ Kasparov follows in the footsteps of Adams. Pc3 defends Pd5 and clears the way for Qd1-a4. }
7...c5
{ else White plays b2-b4 and makes it extremely difficult for Black to get any queen-side }
8. Ne5
{ The aim of this is to exploit the weak a4-e8 diagonal. }
 ( 8. Be3 Qc7 9. Ne5 a6 
{ Adams-Anand, round 6, 1-0 in 44 moves }
 ) 8...Nd7 ( 8...cxd4 9. Bb5+ Nd7 10. Qxd4 
{ with a threat of Qd4-f4xf7# }
 ) 9. Bb5 Bd6 10. Qg4 Kf8
{ As in a Caro-Kann variation Black accepts that Pg7 is weak and must be defended this awkward way. However, Qg4 is exposed and Pd4 & Ne5 are ill-supported, so Black has plenty of chances to survive. Perhaps one of the more important details is that White needs to retreat Ne5 to avoid another minor piece exchange. The more exchanges the easier it will be for Black to complete his development and the harder it would be for White to generate an attack. }
 ( 10...O-O $4 11. Bh6 ( 11. Bxd7 Bxd7 ( 11...Bxe5 $4 12. Bxc8 Bxd4 13. Bxb7 Rb8 14. Be4 Bf6 $18 ) 12. Bh6 Qf6 13. Bg5 $18 ) 11...Bxe5 ( 
{ Malcolm Pein: }
 11...Qf6 12. Nxd7 Bxd7 13. Bg5 Qg6 14. Bxd7 h6 
{ pinning }
 ) 12. dxe5 g6 13. Bxf8 $16 ) 11. O-O $5
{ Kasparov has a lot of courage. Here he offers a pawn, so he can spend the tempo developing pieces. He obviously thinks there's a way to fight for a win if his piece activity is sufficient. }
 ( 11. Nf3 Nf6 12. Qh4 Bd7 
{ when Black's development probably compensates for the awkward Kf8. }
 ) 11...Nxe5 12. dxe5 Bxe5 13. Bg5 Bf6 ( 13...Qc7 ) 14. Rad1 Qc7
{ I'm not sure why he's allowing White to capture at f6 to double his f-file pawns, exposing Kf8 a little. Perhaps he thinks he'll be able to play ...Rh8-g8 to help his own piece development. }
 ( 14...Qe7 
{ Malcolm Pein: }
 15. Bxf6 Qxf6 ( 15...gxf6 16. Qh4 
{ with very good compensation }
 16...a6 ( 16...h6 17. Rd3 
{ and Black still cannot free himself with ...a6 }
 17...a6 18. Rfd1 axb5 19. Rd8+ Kg7 20. Rxh8 Kxh8 21. Qxh6+ Kg8 22. Rd3 ) 17. Qh6+ Kg8 18. Rd3 $18 ) ) 15. Qh4 ( 
{ Malcolm Pein: }
 15. Bxf6 gxf6 16. Qh4 Ke7 17. Rd3 Rd8 18. Qxh7 Rxd3 19. Bxd3 Bd7 
{ and the worst is over }
 ) 15...Bxg5 ( 15...Qe7 ) 16. Qxg5
{ threat: Rd1-d8+ }
16...f6 17. Qh5
{ threat: Qh5-e8# }
17...g6 18. Qh6+ Kf7 19. Rd3 a6 20. Rh3 Qe7 ( 20...axb5 21. Qxh7+ Rxh7 22. Rxh7+ Kg8 23. Rxc7 $18 ) 21. Bd3 f5
{ Pawns don't generally fight pieces very well. The pawns move to block and the pieces just go around them. }
22. g4
{ But sometimes, to break through a mass of pawns and when a piece sac. isn't going to be enough, another pawn must be used. }
 ( 22. Rg3 $6 
{ threatening Rg3xg6 while Rh8 is undefended }
 22...Bd7 23. h4 Rag8 $15 
{ to meet h4-h5 with ...g6-g5, keeping lines closed }
 ) 22...Qf6
{ Malcolm Pein: Ponomariov had been playing much quicker than Kasparov and his next couple of moves came quite fast to my surprise. }
 ( 22...Bd7 23. Rd1 Rad8 24. gxf5 gxf5 
{ tries to keep Bd3 at bay, but seems to open up Kf7 to checks from Qh6 and Rh3. It's hard to know whether this is safe. }
 ( 24...exf5 25. Bc4+ Be6 26. Bxe6+ Qxe6 ( 26...Kxe6 27. Re3+ ) 27. Rxd8 Rxd8 ( 27...Qe1+ 28. Kg2 Qe4+ 29. Kf1 Qb1+ 30. Ke2 Rxd8 31. Qxh7+ Ke6 32. Re3+ Kd5 33. Rd3+ $18 ) 28. Qxh7+ Kf6 ( 28...Kf8 $4 29. Qh8+ Qg8 30. Qf6+ $18 ) 29. Qh4+ g5 30. Qh6+ Kf7 31. Qh7+ Kf8 32. Re3 ( 32. Qh8+ Ke7 33. Rh7+ $18 ) 32...Qf6 ) ) 23. Rd1 b5 ( 23...fxg4 24. Rg3 b5 25. Rxg4 ) 24. Be2 e5 ( 24...Ra7 $1 25. Rd6 $4 ( 25. gxf5 exf5 
{ This might be a good defense for Black. Ra7 can come toward the center, possibly even defending Ph7 in some cases. }
 ( 25...gxf5 26. Bh5+ Ke7 27. Qe3 $13 ) 26. Qxh7+ $5 Rxh7 27. Rxh7+ ) 25...Qe5 ) 25. Rhd3 Ra7 26. Rd6 Qg7 27. Qe3 Rc7
{ One by one White attacks a weakness and Black defends. If White can find two weaknesses (or create them) Black will be hard-pressed to hang on. }
28. a4 e4
{ To this point Black has made nine pawn moves compared to White's four. Certainly the extra four moves could have been used by Black to keep his king safer and his pieces more active; but at the beginning it seemed so much easier. It's like watching a small snowball rolling down a hill, growing larger and faster as it goes. }
 ( 28...c4 29. Qb6 ) 29. axb5 axb5 30. Bxb5 Qe5
{ Is there's still no way for Rh8 to move into play? Apparently Pc5 is too weak to spend any "free" tempos on general piece activation. }
 ( 30...Rf8 31. R6d5 ( 31. Bc4+ Ke7 32. R6d5 ) ) 31. Qg5 Qe7 32. Qh6 Be6 33. Qf4
{ Malcolm Pein: John H tells me GK made the control with a couple of minutes to spare. Looks like he missed the kill first time round. MH: This almost looks like an admission his attack has run out of steam. If he can't move Rd6 with an effective discovery on Rc7 and if he can't break through the light squares around Kf7 then Black might be only a little worse (his king is still less secure than Kg1) . }
33...Bc8
{ He avoids the most obvious discovery, Rd6xe6. }
 ( 33...Ra8 34. gxf5 gxf5 ( 34...Bxf5 $4 35. Rd7 ) 35. Rxe6 Kxe6 ( 35...Rg8+ 36. Kf1 Kxe6 37. Bc4+ Kf6 38. Bxg8 $18 ) 36. Bc4+ Kf6 37. Qh6+ Ke5 38. Rd5# ) 34. Qh6
{ threatening Rd6xg6 (again) }
34...Be6 35. gxf5 gxf5 36. Be2 Qf6 37. Bh5+ Ke7 38. Rxe6+
{ The capture works after all. 38...Qxe6 allows 39. Qg7+ to win Rh8 and 38...Ke6 allows 39. Rd6+ which wins Qf6. This relentless attack wasn't so flashy as many, but it was very accurate and showed the pawns can't leave a king exposed without major consequences. In this case the defense was good, but the position was (apparently) irreparable. That the White pieces won this and the Adams-Anand games using this same (new to my knowledge) opening idea is notable. Anand didn't lose because of it, he misplayed a queen and pawn ending, but Ponomariov never quite recovered from the positional weaknesses around his king, created during the opening and early middle-game. Kasparov takes the lead in the tournament with only one round to go! }
1-0

[Event "SuperGM"]
[Site "Linares ESP"]
[Date "2002.03.09"]
[Round "13"]
[White "Vallejo Pons, Francisco"]
[Black "Shirov, Alexei"]
[Result "1-0"]
[WhiteElo "2629"]
[BlackElo "2715"]
[Annotator "Hathaway, Mark"]

1. e4 c5 2. Nf3 d6 3. Bc4
{ I'm surprised to see this move. I'd been thinking about it and then saw a game GM Yudasin - IM Nakamura from a recent event and now here it is again. White's idea is to not commit to d2-d4 and to perhaps threaten c2-c3, d2-d4 when he's used Bc4 to prevent the counter ...d6-d5. Black can easily play ...Ng8-f6 or ...Nb8-c6, but he must realize White's possible plan to achieve d2-d4, else he'll have no offensive potential. }
3...Nf6 4. d3
{ perhaps planning 5. Ng5 e6 6. f4 }
4...e6
{ Shirov aims to blunt the bishop and prepares ...d6-d5. He might also use ...a7-a6 and ...b7-b5. }
5. Bb3
{ so that 5...d5 can be met by 6. e5 if he wishes }
5...Be7 6. O-O O-O ( 6...d5 7. e5 Nfd7 8. c3 Nc6 9. d4 b5 
{ would be similar to the game except that Black wouldn't yet have committed his king to any position }
 ) ( 6...Qc7 
{ trying to find a way to play ...c5-c4 to split apart White's central pawns }
 7. c3 O-O ( 7...c4 $4 8. Bxc4 Nxe4 9. Bb5+ $18 ) 8. Re1 b5 9. Bc2 Bb7 10. d4 Nbd7 11. Nbd2 e5 12. Nf1 Rfe8 13. Ng3 Bf8 
{ seems like a fairly safe Spanish-like position for Black }
 ) 7. c3 Nc6 8. Re1
{ He's over-protected Pe4, so Pd3 can advance. Black has a couple of choices after d3-d4. One is ...d6-d5 e4-e5 which produces a French Defense kind of pawn structure, but the early ...O-O might not be favorable. Another is ...e6-e5 which produces a Ruy Lopez kind of structure except Black hasn't weakened his queen-side (or gained space if that's a plan you prefer for Black) . Now that White has a Pc3 and couldn't utilize a weaker square d5 it might be good for Black to play 8...e6-e5 in anticipation of 9. d3-d4 Bg4. }
8...b5 9. Nbd2 d5 $6 10. e5 Nd7 11. d4
{ White supports Pe5 and prepares for Bb3-c2 to take aim at Ph7 (and Kg8) . }
11...Ba6
{ I wonder if later he might miss this piece from c8 where it could defend Pe6 in a few critical cases when Black would want to play ...f7-f5 to block the b1-h7 diagonal. }
 ( 11...b4 ) 12. Nf1
{ student body right }
12...b4 13. Ba4
{ This is certainly an odd utilization of the bishop. }
 ( 13. Ng3 
{ preventing ...Ba6xf1, keeps the knight for offense and leaves Ba6 doing nothing }
 ) 13...Rc8 ( 13...Bxf1 $4 14. Bxc6 Rc8 15. Bxd7 Qxd7 16. Kxf1 $18 ) 14. Bxc6 Rxc6 15. cxb4 Bxf1 16. Rxf1 cxb4
{ This certainly solves a lot of Black's problems. Kg8 is a lot safer and Black already has control of the only open file (Rc8) . By trading a couple of minor pieces it should also be easier for Black to maneuver comfortably. }
17. Be3 Qa5 18. g3 Rfc8 19. Ne1 Qb5 20. h4 a5 21. b3
{ This slows Black's pieces considerably. Be7 is plainly blocked by Pb4 and White's central pawns block Nd7. Ne1 is necessary to prevent ...Rc2. Black could even look at ...f7-f6xe5 to open some lines. Unfortunately it's the f-file which would open for Rf1. The fact is there's no easy way for Black to force a confrontation of his pieces with White's, or to get at Kg1. Black has to be patient and await developments. }
21...a4
{ I'm not terribly fond of this move. It places the pawn enprise and can only advance, leaving Pb4 backward or exchange for b3, opening the a-file for White. }
 ( 21...Rc3 ) 22. Nd3 Rc3 ( 22...Rc2 $2 23. Nc5 Rc3 24. Bd2 ) 23. Nf4 Nf8 24. Qg4
{ White offers Pb3, knowing he threatens a strong attack.}
 ( 
{ White could just get rid of the weak pawn before proceeding with his king-side offensive. }
 24. bxa4 ) 24...Qd7 ( 
{ The following variation (and subvariations) are probably far from perfect, but outline a couple of the plans of attack and defense which could occur. }
 24...axb3 25. axb3 Rxb3 26. Nh5 g6 ( 26...Ng6 27. Nxg7 Kxg7 28. h5 Ra3 29. hxg6 hxg6 30. Bg5 Bxg5 31. Qxg5 Rxa1 32. Rxa1 Qe2 33. Qf6+ Kg8 
{ and Black has developed sufficient counterplay possibilities against Kg1 such that White can't go ahead with the offense by Ra1-a7 }
 ) 27. Nf6+ Bxf6 28. exf6 Ra3 29. Qg5 Nd7 30. Bf4 Qd3 31. Be5 Qf3 
{ and Black staves off the mating attack by threatening to get rid of Pf6 }
 ) 25. h5 $6 ( 25. Nh5 ) ( 25. bxa4 ) 25...axb3 26. axb3 Rxb3 ( 26...h6 $4 27. Ne2 Rxb3 28. Bxh6 $18 ) 27. h6 g6 28. Nh3
{ It appears he's repositioning to attack Pf7, but that's probably not true. Pf7 is very easily defended by Qd7. Instead he's probably aiming to play Be3-g5xe7 to weaken the dark squares. That would give his queen a more clear path to g7 to give mate. }
28...Rbc3 29. Bg5 b3 30. Rfb1
{ This is a tense phase where White has to bring every single piece into play and yet prevent Pb3 from advancing very far. }
30...Rb8 ( 30...b2 $4 31. Rxb2 $11 ) 31. Kg2 Rc7 $6 ( 31...b2 
{ gets the pawn a little out of reach of White's queen -- it won't be able to attack the Pb2 and Pf7 simultaneously }
 32. Ra2 Rcb3 ) 32. Rb2 Bxg5 ( 32...Qd8 33. Rab1 Bxg5 34. Nxg5 Rcb7 35. Qf4 Qe7 36. Qe3 Nd7 37. Nf3 $11 ) 33. Qxg5 Qe7 34. Qe3 Qb4 35. Qf4 Qe7 36. Qf3
{ There it is, the ideal location where he threatens Pb3 and Qf3-f6-g7#. }
36...Rcb7 37. Rab1 Nd7 38. Rxb3 Rxb3 39. Rxb3 Qf8 40. Rxb8 Nxb8 41. Ng5 Nd7
{ Even here it seems White's advantage isn't big enough to win. But, Black's cramp is dangerous. One false step and it's over. }
42. Qf4 Qe7 43. Qc1 Qd8 44. Nf3 ( 44. Kf3 ) 44...Kf8 45. Ng5 Kg8 46. Nf3 Kf8 47. Kg1
{ Apparently this is a critical situation: if Qd8 moves away from the d8-h4 diagonal he weakens e7 and g5 (two squares White would like to gain entree to) too much. Maybe he should just leave Qd8 and move ...Kf8-g8, however odd it may seem to move the king into such a dangerous situation. }
47...Qb8 48. Qa3+ Ke8 ( 48...Kg8 $4 49. Qe7 Nf8 ( 49...Qc8 50. Ng5 $18 ) 50. Qf6 $18 ) 49. Ng5 Nf8
{ Now White would like to get to a square on the seventh rank to hit Pf7, but Black has them all guarded. }
50. Qa4+ ( 50. Qf3 Qb1+ ( 50...Qb7 51. Qf6 Qe7 52. Kg2 ) 51. Kg2 Qf5 52. Qe3 Qc2 53. Qa3 $16 
{ and White is making inroads to Ke8 & Pf7 and Black's queen is not going to be able to administer a perpetual check against Kg2 }
 ) 50...Ke7 51. Kg2 Qb7 52. Qa3+ Ke8 53. Qf3 Qe7 54. Qf6
{ Wow! That's dramatic. I don't think I'd considered the possibility of offering a queen trade, as a way of zugzwanging Black away from Pf7. That's nifty and quite creative. }
1-0

[Event "SuperGM"]
[Site "Linares ESP"]
[Date "2002.03.10"]
[Round "14"]
[White "Ponomariov, Ruslan"]
[Black "Anand, Viswanathan"]
[Result "1/2-1/2"]
[WhiteElo "2727"]
[BlackElo "2757"]
[Annotator "Hathaway, Mark"]

1. e4
{ Although Kasparov is one point ahead he might lose his last round game to Shirov, so it's important for Ponomariov to try to win this one. He's the only player who could catch Kasparov. }
1...e5
{ After seeing the Sicilian Defense so many times it's quite a curious thing to see this recent trend (at least amongst the top-level GMs) toward 1. e4 e5 with both the Petrov's Defense and 2. Nf3 Nc6 being played. The so-called hypermodern defenses have been relegated to the back-burner. I haven't seen a Modern/Pirc or Alekhine's Defense game for a long time. And, although the Caro-Kann and French Defenses are still played they're clearly in the minority. }
2. Nf3 Nc6 3. Bb5 a6 4. Ba4 Nf6 5. O-O Be7 6. Re1 b5 7. Bb3 O-O
{ Now this is interesting. I don't recall seeing Anand threaten or play the Marshall Gambit. Why on earth has this variation experienced a resurgence in recent years? Of course, it goes through ups and downs as people play it, discover problems, study it and then play it again. Perhaps it's just that other defenses seem to have a few more adherents than this one, so that the ups and downs of some Sicilian Defense or Queen's Gambit variation is hardly noticed. One must remember also, there are many variations of a Spanish and this is but one. }
8. c3
{ Ponomariov takes on the bigger challenge. }
 ( 8. a4 ) ( 8. d3 ) 8...d5 9. exd5 Nxd5 10. Nxe5 Nxe5 11. Rxe5 c6 12. d4 Bd6 13. Re1 Qh4 14. g3 Qh3 15. Re4
{ It seems odd to move the rook so many times, but White must use whatever pieces are available to get the job done. It was once thought White should develop Bc1-e3, Qd1-d3, Nb1-d2, Qd3-f1. But, Re1-e4 forces either a retreat or other concession from Black and enables Qd1-f1. }
15...g5
{ Because of this Black's king shouldn't be quite as safe and that gives White some counter-attacking possibilities. }
16. Qe2 f5
{ In Ponomariov-Adams from round 9 Ponomariov established Re4 as a perimeter and offered for Black to capture it with a minor piece. He also played f2-f3 to support that perimeter. As a result his king was weakened a bit, but Black didn't quite break through and was pushed back. In this game Anand is using a pawn to challenge Re4, so this game ought to have a different appearance and the clash might occur more on Black's terms. }
 ( 16...Nf6 
{ Ponomariov-Adams, round 9, 1-0 in 45 moves }
 ) 17. Bxd5+
{ I'm not quite certain why he chose this moment to get rid of Nd5. }
17...cxd5 18. Re6
{ It's amazing that White isn't developed and he continues to offer this exchange sac AND Black refuses to take it because the pawn pushes have exposed his king -- he needs to keep pieces on the board to keep his king safe, at least from a perpetual check. How can Black get free to continue his offensive if White mucks it up by threatening Bd6 or checks to Kg8? }
18...f4
{ Whether this is correct is hard to say, but it's certainly courageous? threat: ...Bxe6 }
 ( 18...Bb8 19. Bxg5 f4 20. Re8 ) 19. Rxd6 Bg4 ( 19...f3 $5 20. Qf1 Re8 21. Be3 
{ and Black can't break through on the dark squares }
 21...Qf5 22. Nd2 $13 
{ White's rook will probably be exchanged for Black's bishop (though there is a slight chance it might remain on the board) and White's queen might find it difficult to become active, so White has to resort to a2-a4 (as is quite usual) to open a line for piece activation. Pf3 is a bone in White's throat and continues to give Black chances to win. }
 ) 20. Qf1 Qxf1+ ( 20...Qh5 21. Rxd5 
{ and Rd5-e5 could again block the e-file }
 ) 21. Kxf1 Rae8
{ Black has at least gotten past White's rook, though it now threatens to win Black's pawns. So, the task of defending Kf1 falls upon White's other pieces. threat: 22...Bg4-h3+ 23. Kg1 Re1# }
22. Bd2 Bh3+ 23. Kg1 fxg3 24. hxg3 Re2 ( 24...g4 
{ would have locked-in Bh3 when it's not at all clear Black's rooks can force their way through to checkmate }
 25. Rxd5 
{ aiming for Rd5-e5 to block out Re8 }
 ( 25. Be3 Rxe3 26. fxe3 Rf1+ 27. Kh2 Rf2+ $11 ) 25...Re2 26. Re5 Rexf2 27. Bf4 ( 27. Re1 Rf1+ 28. Rxf1 Rxf1+ 29. Kh2 Rf2+ $11 ) 27...Rf1+ 28. Kh2 Rf2+ ) 25. Be3 Rxe3 26. fxe3 Rf1+ 27. Kh2 g4 28. Rxd5
{ So Ponomariov hangs on to the draw and second place -- not a bad debut to the most prestigious tournament (some say world championship of tournaments) in the world. }
1/2-1/2